[Event "Frankfurt-West Masters"]
[Site "Frankfurt"]
[Date "1999.07.01"]
[Round "9"]
[White "Polgar, Judit"]
[Black "Svidler, Peter"]
[Result "1-0"]
[WhiteElo "2677"]
[BlackElo "2713"]
[Annotator "Wedberg,T"]
[PlyCount "55"]
[EventDate "1999.06.29"]
[EventType "tourn (rapid)"]
[EventRounds "14"]
[EventCountry "GER"]
[EventCategory "16"]
[SourceTitle "CBM 072"]
[Source "ChessBase"]
[SourceDate "1999.10.01"]
[SourceVersion "1"]
[SourceVersionDate "1999.10.01"]
[SourceQuality "1"]

1. e4 e5 2. Nf3 Nc6 3. Bb5 Nf6 4. O-O Bc5 5. c3 O-O 6. d4 Bb6 7. Re1 d6 8. h3
Qe7 (8... Ne7 {is the main alternative.}) 9. Na3 {Not an unusual path for the
b1-N, but the move is a novelty in this position.} (9. Bxc6 bxc6 10. dxe5 dxe5
11. Na3 Nh5 12. Nc4 Qc5 13. Nxb6 axb6 14. Nh4 Nf4 $13 {0-1 Barczay,L-Honfi,K/
Budapest 1955/MCD (33)}) (9. a4 a5 (9... a6 10. Bxc6 bxc6 11. a5 Ba7 12. dxe5
dxe5 13. Na3 Rd8 14. Qe2 Ne8 15. Be3 $14 {1-0 Oltra Caurin,R-Mendoza,J/
Valencia 1992/EXT 98 (41)}) 10. Bg5 (10. Qc2 exd4 11. Bxc6 d3 12. Qxd3 bxc6 13.
Bg5 Ba6 14. Qc2 Qe6 $11 {1-0 Hellsten,J-Dworakowski,L/Hallsberg 1993/EXT 97 
(39)}) 10... h6 11. Bh4 Kh8 12. Na3 g5 13. Bxc6 bxc6 14. dxe5 gxh4 15. exf6 $14
{1/2-1/2 Bednarski,J-Van Geet,D/Amsterdam 1970/MCD (44)}) (9. d5 Nd8 10. Bd3
Nh5 11. g4 Nf6 12. Na3 h5 $132 {0-1 Alexander,C-O'Kelly de Galway,A/Hilversum
1947/MCD (45)}) 9... Bd7 10. Bg5 h6 11. Bxf6 Qxf6 12. Nc4 Rad8 13. a4 exd4 14.
Nxb6 (14. a5 Nxa5 15. Rxa5 Bxa5 16. Bxd7 Rxd7 17. Nxa5 dxc3 $15) 14... axb6 15.
cxd4 Nb4 16. Qd2 c5 17. Bxd7 Rxd7 18. a5 $6 (18. Rad1 $14) 18... bxa5 19. dxc5
Nc6 $2 {This gives the game away.} (19... Qe7 $1 $13 {stops White´s centre
attack.}) 20. e5 $1 $18 Qf5 21. cxd6 Re8 22. Qc3 f6 23. exf6 Rxe1+ 24. Qxe1
Rxd6 25. Qe8+ Kh7 26. fxg7 Kxg7 27. Re1 Qf6 28. Re4 1-0

[Event "Frankfurt-West Masters"]
[Site "Frankfurt"]
[Date "1999.07.02"]
[Round "11"]
[White "Leko, Peter"]
[Black "Svidler, Peter"]
[Result "1/2-1/2"]
[WhiteElo "2694"]
[BlackElo "2713"]
[Annotator "Wedberg,T"]
[PlyCount "89"]
[EventDate "1999.06.29"]
[EventType "tourn (rapid)"]
[EventRounds "14"]
[EventCountry "GER"]
[EventCategory "16"]
[SourceTitle "CBM 072"]
[Source "ChessBase"]
[SourceDate "1999.10.01"]
[SourceVersion "1"]
[SourceVersionDate "1999.10.01"]
[SourceQuality "1"]

1. e4 e5 2. Nf3 Nc6 3. Bb5 a6 4. Ba4 Nf6 5. O-O Be7 6. Re1 b5 7. Bb3 O-O 8. c3
d6 9. h3 Nd7 10. d4 Bf6 11. a4 Bb7 12. d5 (12. Na3 exd4 13. cxd4 Re8 14. Qd2 $5
Re7 $5) 12... Ne7 13. axb5 axb5 14. Rxa8 Qxa8 (14... Bxa8 15. Na3 Qb8 16. Nxb5
Nc5 (16... c6)) 15. Na3 Ba6 16. Nc2 (16. Be3 Nc5 17. Bc2 c6 18. b4 Nd7 19. c4
$5 bxc4 20. Ba4 Bb7 $6 (20... cxd5 $1 21. Bxd7 d4 $1 $132) 21. Nxc4 $36 {
1-0 Svidler,P-Gabriel,C/Bad Homburg 1998/CBM 66/[Svidler] (35)}) (16. Nh2 Ng6 (
16... g6) 17. g3 $14 {1/2-1/2 Lanka,Z-Svidler,P/EU-chTM 1997/EXP 57 (28)})
16... Nc5 17. Nb4 Bc8 18. Bc2 Na6 19. Nxa6 Qxa6 20. Nh2 Ng6 21. Ng4 Be7 22. g3
f5 $146 {[%mdl 8] A logical novelty. Black needs space.} (22... Bd7 23. h4 Rb8
24. Ne3 Nf8 25. Nf5 $14 {1-0 Hartman,C-Barkhagen,J/Stockholm 1995/EXT 97 (33)})
23. exf5 Bxf5 24. Bxf5 Rxf5 25. Qd3 Rf7 $11 26. h4 Qc8 27. f3 Bxh4 $5 $132 {
Black gets a lot of play for the piece - plus two P:s.} 28. gxh4 Nxh4 29. Re3
Rf4 (29... Nxf3+ 30. Rxf3 Qxg4+ 31. Rg3 $13) 30. Nf2 Qf8 31. Nh3 Rf5 32. Qe4
Nxf3+ 33. Kg2 Ng5 34. Nxg5 Rxg5+ 35. Rg3 Rxg3+ 36. Kxg3 Qf1 37. Bd2 h6 38. Qf3
Qg1+ 39. Kh3 Qb1 40. b4 e4 41. Qe3 Qf1+ 42. Kh2 Qf5 43. Qd4 Qh5+ 44. Kg1 Qd1+
45. Kf2 1/2-1/2

[Event "Frankfurt-West Masters"]
[Site "Frankfurt"]
[Date "1999.07.02"]
[Round "14"]
[White "Svidler, Peter"]
[Black "Morozevich, Alexander"]
[Result "1/2-1/2"]
[WhiteElo "2713"]
[BlackElo "2723"]
[Annotator "Finkel,A"]
[PlyCount "101"]
[EventDate "1999.06.29"]
[EventType "tourn (rapid)"]
[EventRounds "14"]
[EventCountry "GER"]
[EventCategory "16"]
[SourceTitle "CBM 072"]
[Source "ChessBase"]
[SourceDate "1999.10.01"]
[SourceVersion "1"]
[SourceVersionDate "1999.10.01"]
[SourceQuality "1"]

1. e4 e6 2. d4 d5 3. Nc3 Nf6 4. Bg5 Bb4 5. e5 h6 6. Bd2 Bxc3 7. Bxc3 Ne4 8. Ne2
O-O 9. Bb4 (9. f3 Nxc3 10. Nxc3 c5 11. dxc5 Qh4+ $5 12. g3 Qb4 {[%cal Gb4b2,
Gb4c5]} 13. Qd3 Nc6 14. Qb5 Qd4 $15 {Koch,J-Murrey,J/Paris-ch 1989}) (9. Qd3 $5
f6 10. f3 Nxc3 11. Qxc3 fxe5 12. dxe5 Nc6 13. f4 Qe7 14. O-O-O Nb4 15. Kb1 $14
{Kogan,A-Kaminik,A/ISR-chT 1996}) 9... c5 10. Ba3 Nc6 $1 {Very strong move
promising black good chanses in forthcoming struggle.} (10... Qa5+ 11. c3 b6
12. f3 Ng5 13. Ng3 Nc6 14. dxc5 bxc5 15. f4 $14 {Goldberg,A-Neuberger,G/BL2-SW
1991}) (10... cxd4 $6 11. Bxf8 Qxf8 12. f3 d3 13. fxe4 dxe2 14. Qxe2 $16 {
Galkin,A-Morozevich,A/RUS-Cup9 1997}) 11. f3 ({Nothing changes} 11. c3 b5 12.
Bxc5 Nxc5 13. dxc5 Nxe5 14. f4 Nc4 15. b3 Ne3 16. Qd3 Nxf1 17. Rxf1 a5 $1 $36 {
and black seizes the initiative.}) 11... b5 $1 12. fxe4 b4 13. Bxb4 (13. exd5
Qxd5 14. Bxb4 cxb4 15. c3 f6 16. exf6 Rxf6 17. Qb3 Qg5 $36 {[%csl Re1][%cal
Gc8d7,Ga8f8,Gg5e3,Ge3f2]}) 13... Nxb4 14. c3 Nc6 15. exd5 $6 ({Probably better
was} 15. Qa4 $5 Qb6 (15... Bd7 16. dxc5 Nxe5 17. Qd4 Nc6 18. Qd3 $14) 16. Rd1
cxd4 17. exd5 exd5 18. cxd4 f6 19. Qb3 Qxb3 20. axb3 Bf5 $44 {,but black keeps
very good chanses.}) 15... Qxd5 16. dxc5 Qxc5 $32 17. Nc1 (17. Qd6 Qb6 $1 (
17... Nxe5 18. Qxc5 Nd3+ 19. Kd2 Nxc5 20. Re1 e5 $11) 18. Qd2 Rd8 19. Qc2 Nxe5
20. Nd4 Bb7 $32 {[%csl Re1]}) 17... Qxe5+ 18. Qe2 Qc7 {The material balance is
restored and black's advantage in development starts to play a significient
role.} 19. Nd3 Ba6 (19... e5 $6 20. Nc5 $1 (20. O-O-O Be6 21. Kb1 Qa5 22. Nc1
Rad8 $15) 20... Ne7 (20... Qe7 21. b4 a5 22. Qe4 Bd7 23. Nxd7 (23. Rd1 Be8 24.
Bd3 f5 25. Qd5+ Kh8 $13) 23... Qxd7 24. Bb5 Rfc8 25. O-O $11) 21. Qf2 Rd8 22.
Bd3 Bf5 23. Bxf5 Nxf5 24. O-O $11) 20. O-O-O Rfd8 21. Qf2 (21. Qe4 $5) 21...
Bc4 22. Qf4 $6 ({Better was} 22. b3 $5 {with good chanses to equalize.} Bxd3
23. Bxd3 Ne5 (23... Nb4 24. Bc4 Nd5 25. Qf3 $11) 24. Qc2 Rxd3 25. Rxd3 Nxd3+
26. Qxd3 Rc8 27. Kb2 $11) 22... Qxf4+ 23. Nxf4 Rxd1+ 24. Kxd1 Bxa2 25. Kc2 Rb8
$2 {Serious inaccuracy after which it's very difficult to convert the
advantage into win.} (25... e5 $1 26. Bb5 Rc8 $17) 26. b4 $15 g5 (26... e5 27.
Kb2 g5 28. Kxa2 gxf4 29. Be2 Rd8 30. Bf3 $44) 27. Nh5 ({Deserved attention} 27.
Kb2 $5 gxf4 28. Kxa2 Rd8 29. Bb5 Rd2+ 30. Kb3 Ne5 31. Re1 $1 $132 {[%csl Ra7]
[%cal Ge1a1] with counterchanses.}) 27... Kf8 (27... Bd5 28. Nf6+ Kg7 29. Nxd5
exd5 30. Be2 Rc8 31. Rd1 Ne7 32. Bf3 Rd8 33. c4 $132) 28. Kb2 Bd5 29. Nf6 Ke7
30. Nxd5+ exd5 31. Be2 {[%csl Rd5]} a5 32. Bf3 axb4 ({More chanses to fight
for the win would leave} 32... Kd6 33. Rd1 Ne7 34. Kb3 axb4 35. c4 $1 f5 36. g3
f4 37. gxf4 gxf4 38. Bxd5 Kc5 39. Bf3 $15) 33. Bxd5 Ne5 34. cxb4 Rxb4+ 35. Kc3
Ra4 36. Rf1 $15 h5 37. Bb3 Re4 38. Bd5 Re2 39. Kd4 f6 40. Be4 h4 41. h3 Nf7 42.
Ra1 Nd6 43. Bf3 Rd2+ 44. Kc3 Rf2 45. Kd3 f5 46. Ra5 Ke6 47. Bd5+ Kf6 48. Bf3
Rb2 49. Kd4 Rd2+ 50. Kc3 Rf2 51. Kd4 1/2-1/2

[Event "Frankfurt Ordix op"]
[Site "Frankfurt"]
[Date "1999.07.03"]
[Round "2"]
[White "Bakhmatov, Eduard"]
[Black "Svidler, Peter"]
[Result "0-1"]
[WhiteElo "2245"]
[BlackElo "2713"]
[PlyCount "61"]
[EventDate "1999.07.??"]
[EventType "swiss (rapid)"]
[EventRounds "11"]
[EventCountry "GER"]
[SourceTitle "EXT 2000"]
[Source "ChessBase"]
[SourceDate "1999.11.16"]
[SourceVersion "1"]
[SourceVersionDate "1999.11.16"]
[SourceQuality "1"]

1. e4 g6 2. d4 Bg7 3. c3 d6 4. Nf3 Nf6 5. Bd3 O-O 6. O-O c5 7. Bg5 h6 8. Bh4
cxd4 9. cxd4 g5 10. Bg3 Nc6 11. e5 dxe5 12. dxe5 Nh5 13. Qe2 Nxg3 14. hxg3 Nd4
15. Qe4 Bf5 16. Qxd4 Qxd4 17. Nxd4 Bxd3 18. Re1 Rfd8 19. Nf3 g4 20. Nh2 Bf5 21.
Nc3 Rac8 22. f4 Rd2 23. Re2 Rxe2 24. Nxe2 e6 25. Nd4 Bf8 26. Kf1 Bd3+ 27. Ke1
Rc4 28. Nb3 Rc2 29. Nxg4 Bb4+ 30. Kd1 Rxg2 31. a3 0-1

[Event "Frankfurt Ordix op"]
[Site "Frankfurt"]
[Date "1999.07.03"]
[Round "5"]
[White "Svidler, Peter"]
[Black "Luther, Thomas"]
[Result "1-0"]
[WhiteElo "2713"]
[BlackElo "2542"]
[PlyCount "53"]
[EventDate "1999.07.??"]
[EventType "swiss (rapid)"]
[EventRounds "11"]
[EventCountry "GER"]
[SourceTitle "EXT 2000"]
[Source "ChessBase"]
[SourceDate "1999.11.16"]
[SourceVersion "1"]
[SourceVersionDate "1999.11.16"]
[SourceQuality "1"]

1. e4 e6 2. d4 d5 3. Nc3 Nf6 4. Bg5 dxe4 5. Nxe4 Nbd7 6. Nf3 Be7 7. Nxf6+ Bxf6
8. Bxf6 Nxf6 9. Bc4 O-O 10. Qe2 b6 11. O-O-O Bb7 12. Ne5 Qe7 13. Rhg1 c5 14. g4
cxd4 15. g5 Nd7 16. g6 Nxe5 17. gxh7+ Kh8 18. Qxe5 Qf6 19. Qxf6 gxf6 20. Rxd4
f5 21. Rd3 f4 22. Rd4 f3 23. Rdg4 Rfc8 24. Kd2 Rc5 25. Rg8+ Kxh7 26. Bd3+ Kh6
27. R8g7 1-0

[Event "Frankfurt Ordix op"]
[Site "Frankfurt"]
[Date "1999.07.04"]
[Round "11"]
[White "Ulybin, Mikhail"]
[Black "Svidler, Peter"]
[Result "1-0"]
[WhiteElo "2552"]
[BlackElo "2713"]
[PlyCount "45"]
[EventDate "1999.07.??"]
[EventType "swiss (rapid)"]
[EventRounds "11"]
[EventCountry "GER"]
[SourceTitle "EXT 2000"]
[Source "ChessBase"]
[SourceDate "1999.11.16"]
[SourceVersion "1"]
[SourceVersionDate "1999.11.16"]
[SourceQuality "1"]

1. e4 c5 2. Nf3 d6 3. Bb5+ Nd7 4. d4 cxd4 5. Qxd4 Ngf6 6. Bg5 a6 7. Bxd7+ Nxd7
8. c4 Qb6 9. Qxb6 Nxb6 10. b3 f5 11. Be3 fxe4 12. Ng5 Nd7 13. Ne6 Kf7 14. Nc7
Rb8 15. Ba7 e6 16. Nd2 Be7 17. Nxe4 b6 18. Bxb8 Nxb8 19. O-O-O Rd8 20. Rd3 Rd7
21. Rf3+ Bf6 22. Ng5+ Kg6 23. Ngxe6 1-0

[Event "FIDE-Wch k.o."]
[Site "Las Vegas"]
[Date "1999.08.04"]
[Round "2.2"]
[White "Svidler, Peter"]
[Black "Aleksandrov, Aleksej"]
[Result "1-0"]
[WhiteElo "2684"]
[BlackElo "2619"]
[Annotator "Dautov,R"]
[PlyCount "81"]
[EventDate "1999.07.31"]
[EventType "k.o."]
[EventRounds "7"]
[EventCountry "USA"]
[SourceTitle "CBM 072"]
[Source "ChessBase"]
[SourceDate "1999.10.01"]
[SourceVersion "1"]
[SourceVersionDate "1999.10.01"]
[SourceQuality "1"]

1. e4 {Wedberg} e5 2. Nf3 Nc6 3. Bb5 Nf6 4. O-O Nxe4 5. d4 Nd6 6. Bxc6 dxc6 7.
dxe5 Nf5 8. Qxd8+ Kxd8 9. Nc3 Ke8 10. h3 ({Vor zwölf Jahren demonstrierte Weiß
den gleichen Plan in der Partie Aseev-Dautov/Dresden 1987:} 10. Ne2 Ne7 11. h3
Bd7 {/\c5} 12. Re1 $1 c5 13. Ng3 $1 Nd5 $6 (13... h6 $1 14. Bd2 Nc6 {/\Be6=})
14. Bd2 Rd8 15. Rad1 Be6 16. Ng5 $14) 10... a5 {Dieser Zug, in der modernen
Spielpraxis häufig angewandt, gefällt mir nicht. M.E. verliert Schwarz dadurch
nur Zeit und muß bei den Plänen mit c6-c5 an der Schwäche des Punktes b5
leiden. Erst beim weißen Fianchetto b2-b3 ist a7-a5-a4 ratsam.} 11. Ne2 Ne7 {
Wedberg: This move is the fashionable way to play the Berlin these days.} 12.
Ng3 (12. Rd1 a4 13. Nf4 h5 14. Bd2 Nd5 15. e6 Bxe6 16. Nxe6 fxe6 17. Re1 {
'~~' Wedberg. Wedberg: '1/2-1/2 Kunte,A-Aleksandrov,A/Elista 1998/CBM 66 ext 
(42)'} Be7 18. c4 Nb6 19. Rxe6 Kd7 20. Re4 Bf6 21. Bf4 $14 {Kunte,
A-Aleksandrov,A/Elista 1998}) 12... a4 $146 (12... h5 13. Bg5 c5 14. Rfe1 Be6
15. c3 b6 16. Nh4 Ng6 17. Nxg6 fxg6 18. h4 Be7 19. Ne4 $14 {Aseev,K-Tunik,G/St
Petersburg RUS 1998}) (12... c5 $1 {scheint mir die beste Aufstellung zu sein-
der schwarze Springer bekommt einen aussichtsreichen und sicheren Posten auf
c6 und der Bc8 wird nach h7-h6 auf e6 entwickelt, wo er nicht so leicht in die
Abtauschgefahr gerät.} 13. Be3 (13. Re1 Nc6 14. a3 h6 15. Bd2 Be6 $11) 13...
Nc6 14. Ne4 b6 $132 {/\Bf5}) 13. a3 Nd5 $2 {Vgl. mit der Anmerkung zum 10. Zug
von Weiß. Hier steht der schwarze Springer zwar schön, aber uneffektiv und
unsicher (c2-c4!). Es war noch nicht zu spät, zu 13...c5 nebst Nc6 zu greifen.}
14. Re1 $1 Be7 $6 {Zu langsam gespielt, Weiß hat bekommt ausreichend Zeit für
die optimale Figurenaufstellung. Schwarz unterbindet das Manöver Nf3-g5-e4,
aber 14... h6 eignete sich besser dafür.} (14... c5 15. Ng5 $1 h6 16. N5e4 {
/\f4-f5} h5 $5 17. Bg5 $14) (14... h6 $1 15. Bd2 (15. Nd4 c5 16. Nb5 Bd7 $13)
15... c5 16. Rad1 Be6) 15. Bd2 h6 (15... c5 16. Rad1 Be6 17. Bg5 $14 Bf8 $5)
16. Rad1 Kf8 $2 {'?!' Wedberg. Wedberg: 'Black decides to run to h7 with the K.
Very unusual indeed.'} (16... Be6 17. Nd4 Bc5 {'!?' Wedberg.} (17... c5 $5 {
Wedberg} 18. Nxe6 (18. Ndf5 Bf8 $11) 18... fxe6 $13) 18. Nxe6 fxe6 19. Ne4 Be7
20. f4 $14) ({Selbst hier war} 16... c5 $1 {/\Be6 noch möglich.} 17. Bxh6 $2 (
17. Nh5 $14) 17... Rxh6 18. Rxd5 Rb6 19. Rb1 c4 $44) (16... Bd7 {Wedberg} 17.
Nd4 Bc5 18. e6 $36) 17. Nd4 $16 {Nun ist die Lage des Nachziehenden äußerst
prekär, er hat keinerlei Gegenspiel und seine Figuren koordinieren nicht.} Kg8
(17... g6 $5) (17... g6 $5 {Wedberg}) 18. Ngf5 Bc5 19. e6 {'!' Wedberg.
Wedberg: 'With the goalkeeper gone the penalty kick must score.'} fxe6 (19...
Kh7 $5 20. c4 (20. exf7 g6) 20... Nb6 21. Bc3 $16 (21. exf7 Rf8 $13)) 20. Nxe6
Bxe6 21. Rxe6 Kh7 22. c4 {Führt forciert zu einer für Weiß gewonnenen Stellung.
} Rhf8 (22... Nb6 23. Bc3 (23. Be3 {Wedberg} Bxe3 24. Nxe3 $14) 23... Rhd8 24.
Rxd8 Rxd8 25. Bxg7 $16) 23. Re5 $1 $18 {'!' Wedberg.} Bd6 24. Nxd6 cxd6 25. Re4
Nb6 (25... Nf6 26. Re7 $18) 26. Bc3 {'+/-' Wedberg.} Nc8 27. f4 {Der Rest ist
einfach. Schwarz ist vollkommen hilflos.} b6 28. g4 {/\f5} g6 29. Rde1 Ra7 30.
Re8 Raf7 31. Rxf8 Rxf8 32. Re6 $1 Rd8 (32... Rxf4 $4 {Wedberg} 33. Re8 $18) 33.
Kf2 Rf8 34. Kg3 Rd8 35. h4 d5 36. cxd5 cxd5 37. Bd4 h5 38. f5 gxf5 39. g5 Kg8
40. Rh6 Kf7 41. Rxh5 1-0

[Event "St Petersburg-ch 5'"]
[Site "St Petersburg"]
[Date "1999.12.25"]
[Round "3.1"]
[White "Svidler, Peter"]
[Black "Chepukaitis, Genrikh"]
[Result "1-0"]
[WhiteElo "2684"]
[BlackElo "2396"]
[PlyCount "93"]
[EventDate "1999.12.25"]
[EventType "k.o. (blitz)"]
[EventRounds "7"]
[EventCountry "RUS"]
[SourceTitle "CBM 073 Extra"]
[Source "ChessBase"]
[SourceDate "2000.01.11"]
[SourceVersion "1"]
[SourceVersionDate "2000.01.11"]
[SourceQuality "1"]

1. d4 g6 2. c4 Bg7 3. g3 d6 4. Bg2 Nc6 5. e3 Nf6 6. Nc3 O-O 7. Nge2 e5 8. h3
Re8 9. O-O Bd7 10. d5 Ne7 11. e4 c6 12. Be3 cxd5 13. cxd5 a6 14. a4 Nh5 15. a5
f5 16. Qb3 Qb8 17. Na4 Bb5 18. Rfe1 Qd8 19. Nec3 f4 20. Bb6 Qd7 21. g4 Nf6 22.
Nxb5 axb5 23. Nc3 h5 24. Qxb5 Qc8 25. f3 hxg4 26. hxg4 Kf7 27. Rec1 Rh8 28. Nd1
Qe8 29. Qxe8+ Nxe8 30. Bf1 Bf6 31. Rc2 Bh4 32. Rac1 Be1 33. Nc3 Bxc3 34. Rxc3
Kf6 35. R3c2 Kg5 36. Rh2 Rxh2 37. Kxh2 Kf6 38. b4 g5 39. b5 Nc8 40. Bf2 Ne7 41.
a6 bxa6 42. bxa6 Nc8 43. Bb5 Rb8 44. Bxe8 Rb2 45. Kg1 Ne7 46. a7 Ra2 47. Rc4
1-0

[Event "St Petersburg-ch 5'"]
[Site "St Petersburg"]
[Date "1999.12.25"]
[Round "4.1"]
[White "Svidler, Peter"]
[Black "Ivanov, Vladimir Ivanovich"]
[Result "1-0"]
[WhiteElo "2684"]
[BlackElo "2411"]
[PlyCount "53"]
[EventDate "1999.12.25"]
[EventType "k.o. (blitz)"]
[EventRounds "7"]
[EventCountry "RUS"]
[SourceTitle "CBM 073 Extra"]
[Source "ChessBase"]
[SourceDate "2000.01.11"]
[SourceVersion "1"]
[SourceVersionDate "2000.01.11"]
[SourceQuality "1"]

1. e4 e5 2. Nf3 d6 3. d4 exd4 4. Nxd4 Nf6 5. Nc3 Be7 6. Bf4 O-O 7. Qd2 c6 8.
O-O-O b5 9. f3 b4 10. Nce2 d5 11. Ng3 dxe4 12. fxe4 c5 13. Ndf5 Bxf5 14. Nxf5
Qxd2+ 15. Rxd2 Bd8 16. Bc4 Nc6 17. e5 Nh5 18. g3 Nxf4 19. gxf4 Nd4 20. Nxd4
cxd4 21. Rxd4 Bb6 22. Re4 Rad8 23. Rd1 g6 24. Bd5 a5 25. e6 fxe6 26. Rxe6 Kg7
27. Rxb6 1-0

[Event "St Petersburg-ch 5'"]
[Site "St Petersburg"]
[Date "1999.12.25"]
[Round "4.2"]
[White "Ivanov, Vladimir Ivanovich"]
[Black "Svidler, Peter"]
[Result "0-1"]
[WhiteElo "2411"]
[BlackElo "2684"]
[PlyCount "88"]
[EventDate "1999.12.25"]
[EventType "k.o. (blitz)"]
[EventRounds "7"]
[EventCountry "RUS"]
[SourceTitle "CBM 073 Extra"]
[Source "ChessBase"]
[SourceDate "2000.01.11"]
[SourceVersion "1"]
[SourceVersionDate "2000.01.11"]
[SourceQuality "1"]

1. e4 e5 2. Nf3 Nc6 3. Bb5 a6 4. Ba4 Nf6 5. d3 b5 6. Bb3 Be7 7. Nbd2 O-O 8. Nf1
d5 9. Ng3 Na5 10. Nxe5 Bd6 11. Nf3 Nxb3 12. axb3 Bxg3 13. hxg3 dxe4 14. dxe4
Qxd1+ 15. Kxd1 Nxe4 16. Ke2 Bb7 17. Be3 Rfe8 18. Rh4 Re7 19. Nd4 Rae8 20. Nf5
Re5 21. g4 Bc8 22. Nd4 Nxf2 23. Kxf2 Rxe3 24. Rah1 f6 25. Rxh7 Bxg4 26. Rh8+
Kf7 27. Rxe8 Rxe8 28. Ra1 c5 29. Nf3 Re6 30. Rd1 g5 31. Rd7+ Kg6 32. Ra7 Bf5
33. c3 Kh5 34. Rc7 Bd3 35. Ng1 c4 36. b4 f5 37. Rd7 Kg4 38. Rd4+ f4 39. Rd5 Be4
40. Rc5 Rd6 41. Nh3 Rd2+ 42. Ke1 Rxg2 43. Nxg5 Bd3 44. Ne6 Re2+ 0-1

[Event "Wydra Memorial rapidplay"]
[Site "Haifa"]
[Date "2000.02.05"]
[Round "10"]
[White "Psakhis, Lev"]
[Black "Svidler, Peter"]
[Result "1-0"]
[WhiteElo "2599"]
[BlackElo "2672"]
[Annotator "Psakhis,L"]
[PlyCount "55"]
[EventDate "2000.02.03"]
[EventType "schev (rapid)"]
[EventRounds "14"]
[EventCountry "ISR"]
[EventCategory "16"]
[SourceTitle "CBM 074 Extra"]
[Source "ChessBase"]
[SourceDate "2000.03.10"]
[SourceVersion "2"]
[SourceVersionDate "2000.03.10"]
[SourceQuality "1"]

1. Nf3 Nf6 2. c4 g6 3. g3 c6 {Piter vainly afraid of my preparion in Gruenfeld
and choose very modest line, which doesn't suit his active style.} 4. b3 Bg7 5.
Bb2 O-O 6. Bg2 d5 7. O-O a5 (7... Bg4 $142 $5) 8. d3 a4 9. Nbd2 (9. Na3 $5 Na6
10. Nc2 Re8 11. Qc1 Bg4 12. b4 Qc8 13. Rb1 Bh3 14. b5 cxb5 15. cxb5 Nc5 16.
Bxh3 Qxh3 17. Bxf6 exf6 18. Ne3 $36 {1-0 Dizdar,G-Michaelsen,N/BW 1992 (28)}) (
9. cxd5 Nxd5 10. Bxg7 Kxg7 11. bxa4 Qa5 12. Nfd2 Nb6 13. Nb3 Qxa4 14. Nc3 Qa3
15. Qd2 N8d7 16. Rfb1 Nf6 17. Ne4 $14 {1/2-1/2 Taimanov,M-Alonso,S/Malaga op-2
1999 (44)}) (9. b4 dxc4 10. dxc4 Qxd1 11. Rxd1 Nbd7 12. a3 Nb6 13. Nbd2 Be6 14.
Rdc1 Rfd8 15. c5 Nc8 16. Nc4 $14 {1/2-1/2 Speelman,J-Sokolov,I/Hastings 1999/
CBM 69 (45)}) 9... axb3 ({Deserves attention} 9... a3) 10. axb3 Rxa1 11. Qxa1
Na6 (11... Qb6 12. Qa3 Na6 13. Bd4 Qb4 14. Qxb4 Nxb4 15. Bc5 Na6 16. Bxe7 Re8
17. Bxf6 Bxf6 18. e3 $18 {1-0 Polugaevsky,L-Poch,C/Mar del Plata 1971 (38)})
12. Qa3 $1 $146 {White keep small but solid advantage not least thank's to
ugly position black knight on a6} (12. Bc3 Ne8 13. Rc1 Bxc3 14. Qxc3 Nf6 15.
cxd5 {1/2-1/2 Urban,K-Kaminski,M/Koszalin op-A 1999 (15)}) 12... Be6 13. Be5 {
[%cal Gf3d4,Gb3b4,Gf3g5]} h6 14. Nd4 Bd7 15. c5 $1 {[%csl Ra6][%cal Gb3b4,
Gd2b3,Gb3a5] With clear idea to play b4 and bring later knight on a5, but it
is not easy to stop white} Ng4 16. Bxg7 Kxg7 17. b4 e5 18. N4f3 $5 ({I didn't
like that after} 18. N4b3 Qg5 $5 {Black can get some activity on the king side,
and decided to keep knight closely to my king}) 18... Re8 (18... f5 $142 $5 19.
h3 (19. e4 $5) 19... e4 20. hxg4 (20. Qc3+ Qf6) 20... exf3 21. Nxf3 fxg4 22.
Ne5 $14) 19. e4 $1 {[%mdl 32]} Be6 (19... Nf6 $5 $14) 20. d4 $1 $16 {Now
white's advcantage is obvious and Black really needs good advice.} dxe4 ({maybe
} 20... exd4 $142 21. Nxd4 Qf6 {was better option.}) 21. Nxe4 Bd5 22. Nd6 e4 {
Svidler is ready to sacrifice exchange, but not to get to passive an
unpleasant position after} (22... Re7 23. dxe5 (23. Nxe5 $5 Bxg2 24. Kxg2 Nxe5
25. dxe5 Rxe5 26. Qb2 Qf6 27. Ra1 $16) 23... Bxf3 24. Qxf3 Nxe5 25. Qc3 $16 {
[%csl Gd6,Gg2][%cal Gb4b5]}) 23. Nxe8+ Qxe8 24. Re1 Qe6 (24... f5 $5 25. h3 Nf6
26. Ne5) 25. Qb2 $1 $18 {[%cal Gf3e5] Preparing to play Ne5} Nxb4 $2 {Black
position is desperate any case} 26. Qxb4 Qf6 (26... Qf5 27. Qb1 (27. h3 Nxf2)
27... exf3 28. Qxf5 gxf5 29. Bf1 $18) 27. h3 $1 {Refutation of black
combination.} exf3 (27... Nxf2 28. Kxf2 exf3 29. Bf1 Qf5 30. Qd2) 28. Bf1 {
[%csl Rg4]} 1-0